000 00193 a2200097 4500
001 27945
100 _aLeaver, K D
245 _aThin films 17
260 _a
_bWykeham
_c
090 _c18653
_d18653
942 _aNUST-CAE
_cM
_c9617
999 _c263018
_d263018